00932nam a22002415a 4500008004100000020001800041040004100059082001900100100003000119245007000149250001200219260005500231300003800286500002400324504003100348650003200379650003200411651001000443653004500453942001900498999001700517952015600534150819s2014 ii a frb 001 0 eng d a9788123924175 a EG-ScBUEbengc EG-ScBUEd EG-ScBUE04a625.7bSAX2221 aSaxena, Subhash C.93881110aTextbook of highway and traffic engineering /cSubhash C. Saxena. a1st ed. aNew Delhi :bCBS Publishers & Distributors,c2014. axxxviii, 909 p. :bill. ;c24 cm. aIndex : p. 903-909. aBibliography : p. 895-901. 0aHighway engineering.2BUEsh 0aTraffic engineering.2BUEsh 2BUEsh bENGCIVbENGGENcAugust2015cNovember2015 2ddck625.7 SAX c20655d20627 00102ddc40708BaccahaMAINbMAINc1STd2015-08-19ePurchaseg248.00h21761l1m28o625.7 SAXp000030735r2025-07-15 00:00:00s2016-10-13v310.00yBB